000 00274nam a2200109Ia 4500
008 190919s9999||||xx |||||||||||||| ||und||
100 _aKhalid Hasan
245 0 _aFaiz Ahmed Faiz O City of Lights
260 _aCanada
_bTata McGraw Hill
_c1983
300 _a448
942 _cBK
999 _c11479
_d11479